Billy Bathgate : a novel /
Uložené v:
| Hlavný autor: | |
|---|---|
| Médium: | Kniha |
| Jazyk: | English |
| Vydané: |
New York :
Plume,
1998
|
| Vydanie: | 1st ed. |
| Edícia: | National bestseller
|
| Témy: | |
| ISBN: |
0452280028 (brož.) |
| Fyzický popis: |
323 s. ; 21 cm |
| Tagy: |
Pridať tag
Žiadne tagy, Buďte prvý kto otaguje tento záznam!
|
Titul je dostupný aj v ... 

MARC
| LEADER | 00000nam a2200000 a 4500 | ||
|---|---|---|---|
| 001 | 000000245 | ||
| 005 | 20060309082918.0 | ||
| 008 | 040219s1998 xxu j engo | ||
| 020 | |a 0452280028 (brož.) | ||
| 040 | |a SVKKK |b slo |c SVKKK |e AACR2 | ||
| 041 | 0 | |a eng | |
| 044 | |a xxu |c US | ||
| 072 | 7 | |a 821.111(73)-3 |x Americká próza |2 konspekt | |
| 080 | |a 821.111(73)-31 |2 1997 | ||
| 080 | |a (0:82-31) |2 1997 | ||
| 100 | 1 | |a Doctorow, E. L., |d 1931- |4 aut | |
| 245 | 1 | 0 | |a Billy Bathgate : |b a novel / |c E.L. Doctorow |
| 250 | |a 1st ed. | ||
| 260 | |a New York : |b Plume, |c 1998 | ||
| 300 | |a 323 s. ; |c 21 cm | ||
| 440 | 0 | |a National bestseller | |
| 655 | 7 | |a americké romány |2 SVKKKPH | |
| 655 | 7 | |a umelecká literatúra |2 SVKKKPH | |
| 919 | |a 0-452-28002-8 | ||
| 998 | |a BK | ||
| 090 | |g SCKUS |k Americké centrum |a III.196234 |j 959666 |i 2720020516 |s Voľný výber | ||